|
|
|
|
| LEADER |
00000cam a22000004a 4500 |
| 001 |
musev2_6475 |
| 003 |
MdBmJHUP |
| 005 |
20230905040745.0 |
| 006 |
m o d |
| 007 |
cr||||||||nn|n |
| 008 |
050204s2005 alu o 00 0 eng d |
| 020 |
|
|
|a 9780817382360
|
| 020 |
|
|
|z 9780817351809
|
| 035 |
|
|
|a (OCoLC)427509611
|
| 040 |
|
|
|a MdBmJHUP
|c MdBmJHUP
|
| 100 |
1 |
|
|a Wright, Louis B.
|q (Louis Booker),
|d 1899-1984.
|
| 245 |
1 |
4 |
|a Colonial Search For A Southern Eden /
|c by Louis B. Wright.
|
| 264 |
|
1 |
|a Tuscaloosa :
|b University of Alabama Press,
|c 2005.
|
| 264 |
|
3 |
|a Baltimore, Md. :
|b Project MUSE,
|c 2012
|
| 264 |
|
4 |
|c ©2005.
|
| 300 |
|
|
|a 1 online resource (74 pages).
|
| 336 |
|
|
|a text
|b txt
|2 rdacontent
|
| 337 |
|
|
|a computer
|b c
|2 rdamedia
|
| 338 |
|
|
|a online resource
|b cr
|2 rdacarrier
|
| 500 |
|
|
|a Three lectures delivered at the Dancy Foundation, Alabama College, Apr. 29-May 1, 1951.
|
| 505 |
0 |
|
|a Preface; Contents; 1. The Elizabthe Dream of Wealth; 2. Imperial Prosperity from Southern Plantations; 3. Eden and Utopia South of Virginia; Notes
|
| 520 |
|
|
|a European imperialists began to dream of other kinds of wealth besides gold in the New World Louis Booker Wright was a graduate of Wofford College, and was at various times a John Simon Guggenheim Fellow and a Benjamin Franklin Medalist, and he held honorary degrees from, among others, Princeton, Tulane, and California State University-Fulerton. He was the author of a number of books, including The Atlantic Frontier: Colonial American Civilization 1607-1763, Gold, Glory, and the Gospel: the Adventurous Lives of the Renaissance Explorers, Culture on the Mov.
|
| 546 |
|
|
|a English.
|
| 588 |
|
|
|a Description based on print version record.
|
| 651 |
|
7 |
|a Southern States.
|2 fast
|0 (OCoLC)fst01244550
|
| 651 |
|
7 |
|a America.
|2 fast
|0 (OCoLC)fst01239786
|
| 651 |
|
6 |
|a Grande-Bretagne
|x Colonies
|z Amerique.
|
| 651 |
|
6 |
|a États-Unis (Sud)
|x Conditions economiques
|y 17e siecle.
|
| 651 |
|
0 |
|a Great Britain
|x Colonies
|z America.
|
| 651 |
|
0 |
|a Southern States
|x Economic conditions
|y 17th century.
|
| 650 |
|
7 |
|a Business & Economics.
|2 hilcc
|
| 650 |
|
7 |
|a Economic History.
|2 hilcc
|
| 650 |
|
7 |
|a Economic history.
|2 fast
|0 (OCoLC)fst00901974
|
| 650 |
|
7 |
|a British colonies.
|2 fast
|0 (OCoLC)fst01910374
|
| 650 |
|
7 |
|a POLITICAL SCIENCE
|x Economic Conditions.
|2 bisacsh
|
| 650 |
|
7 |
|a BUSINESS & ECONOMICS
|x Economics
|x Comparative.
|2 bisacsh
|
| 650 |
|
7 |
|a BUSINESS & ECONOMICS
|x Economic History.
|2 bisacsh
|
| 650 |
|
7 |
|a BUSINESS & ECONOMICS
|x Economic Conditions.
|2 bisacsh
|
| 655 |
|
7 |
|a Electronic books.
|2 local
|
| 710 |
2 |
|
|a Project Muse.
|e distributor
|
| 830 |
|
0 |
|a Book collections on Project MUSE.
|
| 856 |
4 |
0 |
|z Texto completo
|u https://projectmuse.uam.elogim.com/book/6475/
|
| 945 |
|
|
|a Project MUSE - Custom Collection
|
| 945 |
|
|
|a Project MUSE - Archive Complete Foundation
|
| 945 |
|
|
|a Project MUSE - Archive US Regional Studies, South Foundation
|